000 00246 a2200097 4500
090 _c3803
_d3803
100 _aDaniel Gray
245 _aWeb Design Fundamentals Handbook
260 _aDreamtech Press
_bNew Delhi
_c2000
942 _aNBS
_cBK
_k005.13 GRA
999 _c346267
_d346267